|
|
|
|
| LEADER |
00000nam0a2200000 4500 |
| 001 |
266257 |
| 005 |
20231031223450.0 |
| 035 |
|
|
|a (RuTPU)RU\TPU\book\289276
|
| 090 |
|
|
|a 266257
|
| 100 |
|
|
|a 20140704d1977 k y0rusy50 ca
|
| 101 |
0 |
|
|a rus
|
| 102 |
|
|
|a RU
|
| 105 |
|
|
|a y z 001zy
|
| 200 |
1 |
|
|a Социальная лингвистика
|e к основам общей теории
|f Ю. Д. Дешериев
|
| 210 |
|
|
|a Москва
|c Наука
|d 1977
|
| 215 |
|
|
|a 382 с.
|
| 320 |
|
|
|a Библиогр. в примеч.
|
| 606 |
1 |
|
|a Лингвистика
|2 stltpush
|3 (RuTPU)RU\TPU\subj\67935
|
| 610 |
1 |
|
|a язык
|
| 610 |
1 |
|
|a возникновение
|
| 610 |
1 |
|
|a развитие
|
| 610 |
1 |
|
|a общественное сознание
|
| 610 |
1 |
|
|a аппарат
|
| 610 |
1 |
|
|a социолингвистика
|
| 610 |
1 |
|
|a принципы
|
| 610 |
1 |
|
|a отрасли
|
| 686 |
|
|
|a Ш100
|v LBC/SL-A
|2 rubbk
|
| 700 |
|
1 |
|a Дешериев
|b Ю. Д.
|
| 801 |
|
1 |
|a RU
|b 63413507
|c 20140704
|
| 801 |
|
2 |
|a RU
|b 63413507
|c 20151117
|g RCR
|
| 942 |
|
|
|c BK
|